Normal view MARC view

Entry Personal Name

Number of records used in: 1

001 - CONTROL NUMBER

  • control field: 57293

003 - CONTROL NUMBER IDENTIFIER

  • control field: dpl

005 - DATE AND TIME OF LATEST TRANSACTION

  • control field: 20230921143427.0

008 - FIXED-LENGTH DATA ELEMENTS

  • fixed length control field: 230921|| aca||aabn | a|a d

040 ## - CATALOGING SOURCE

  • Original cataloging agency: dpl
  • Transcribing agency: dpl

100 ## - HEADING--PERSONAL NAME

  • Personal name: Rosling,Alan

670 ## - SOURCE DATA FOUND

  • Source citation: Work cat.: (dpl)143027: Rosling,Alan, Boom country?:, 2017

© Delhi Public Library
Hit Counter
free hit counter